UM Logo

Exploring research/ (Record no. 6487)

MARC details
000 -LEADER
fixed length control field 00658nam a2200193 4500
008 - FIXED-LENGTH DATA ELEMENTS--GENERAL INFORMATION
fixed length control field 170329b xxu||||| |||| 00| 0 eng d
020 ## - INTERNATIONAL STANDARD BOOK NUMBER
International Standard Book Number 0-02-405294-9
082 ## - DEWEY DECIMAL CLASSIFICATION NUMBER
Edition number 1994
Classification number DC 150.72
Item number Sa3
100 ## - MAIN ENTRY--PERSONAL NAME
9 (RLIN) 19621
Personal name Salkind, Neil J.
245 ## - TITLE STATEMENT
Title Exploring research/
Statement of responsibility, etc. Neil J. Salkind.
250 ## - EDITION STATEMENT
Edition statement Second Edition.
260 ## - PUBLICATION, DISTRIBUTION, ETC. (IMPRINT)
Place of publication, distribution, etc. Englewoods Cliffs, New Jersey:
Name of publisher, distributor, etc. Prentice Hall,
Date of publication, distribution, etc. c1994.
300 ## - PHYSICAL DESCRIPTION
Extent xxii, 386 pages:
Other physical details illustrations;
Dimensions 28 cm.
500 ## - GENERAL NOTE
General note Includes bibliographical references and index.
650 #0 - SUBJECT ADDED ENTRY--TOPICAL TERM
9 (RLIN) 19622
Topical term or geographic name as entry element Psychology
General subdivision Research
-- Methodology
650 #0 - SUBJECT ADDED ENTRY--TOPICAL TERM
9 (RLIN) 19623
Topical term or geographic name as entry element Education
General subdivision Research
-- Methodology
365 ## - TRADE PRICE
Price amount 1,961.00
Currency code Php
942 ## - ADDED ENTRY ELEMENTS (KOHA)
Source of classification or shelving scheme Dewey Decimal Classification
Koha item type Circulation
Holdings
Withdrawn status Lost status Source of classification or shelving scheme Damaged status Not for loan Collection code Home library Current library Date acquired Source of acquisition Cost, normal purchase price Total Checkouts Full call number Barcode Date last seen Copy number Price effective from Koha item type
    Dewey Decimal Classification     Circulation UM Digos College - LIC UM Digos College - LIC 03/29/2017 Purchased 1.00   DC 150.72 Sa3 1994 14104 05/15/2025 1 03/29/2017 Circulation